| 000 | 00935nam a2200229 a 4500 | ||
|---|---|---|---|
| 008 | 160217c20089999||||||||||||||||| || u | ||
| 020 | _a007711745X | ||
| 050 | _aCD/HD 30.4 Blu | ||
| 100 | _aCooper, Donald R | ||
| 245 | 1 | 0 |
_aBusiness research methods. (2nd ed.) _cBoris Blumberg; Donald R. Cooper; Pamela S. Schindler _h[cd-rom] |
| 250 | _a2nd ed. | ||
| 260 |
_aLondon _bMcGraw-Hill _c2008 |
||
| 300 | _a4 3/4 in. | ||
| 350 | _a0.00 | ||
| 500 | _aCD accompainied by a text book available in main collection | ||
| 650 | 0 | _aBUSINESS | |
| 650 | _aINDUSTRIAL MANAGEMENT--RESEARCH | ||
| 700 | _aBlumberg, Boris | ||
| 700 | _aSchindler, Pamela S | ||
| 995 |
_ae-RESOURCES _e20141084 _FCBU-MAIN LIBRARY (Kitwe) _I0.00 _jCD/HD 30.4 Blu _M1 _UAVAILABLE _WFeb 17, 2016 _y20141084 _Ze-Media Collection |
||
| 995 |
_ae-RESOURCES _e20141112 _FCBU-MAIN LIBRARY (Kitwe) _I0.00 _jCD/HD 30.4 Blu _M2 _UAVAILABLE _WJun 15, 2016 _y20141112 _Ze-Media Collection |
||
| 999 |
_c77948 _d77948 |
||